La verdad sobre Marie
Na minha lista:
| Autor principal: | |
|---|---|
| Formato: | Livro |
| Idioma: | espanhol |
| Publicado em: |
Barcelona
Anagrama
2012
|
| Edição: | 1a. ed |
| Colecção: | Panorama de Narrativas, 811
|
| Assuntos: | |
| Tags: |
Adicionar Tag
Sem tags, seja o primeiro a adicionar uma tag!
|
MARC
| LEADER | 00000cam a2200000 a 4500 | ||
|---|---|---|---|
| 001 | UCF9091 | ||
| 003 | CL-VaPUC | ||
| 008 | 131025e20120000sp |||||||||||||||||spa|d | ||
| 020 | |a 9788433978417 | ||
| 082 | 0 | 4 | |a 843 |b TOU |2 21 |
| 100 | 0 | |a Toussaint, Jean-Philippe |e author |9 571286 | |
| 245 | 1 | 3 | |a La verdad sobre Marie |
| 250 | |a 1a. ed | ||
| 300 | |a 138 p | ||
| 942 | |c BK | ||
| 945 | |d 20131025 12:28:00 |a cmena | ||
| 260 | |a Barcelona |b Anagrama |c 2012 | ||
| 650 | 7 | |a NOVELAS BELGAS |2 CL-VaPUC |9 339608 | |
| 650 | 0 | |a Literatura belga |9 349579 | |
| 583 | |a last modification |c 20131025 12:28:00 |k Rodrigo Vera | ||
| 490 | 0 | |a Panorama de Narrativas, 811 | |
| 999 | |c 353576 |d 353574 | ||
| 952 | |0 0 |1 0 |3 erb |4 0 |6 843_000000000000000_TOU_2012 |7 0 |8 A |9 458909 |a BIBEDU |b BIBEDU |d 2019-11-23 |i 5023041 |o 843 TOU 2012 |p 5023041 |r 2019-11-23 |w 2019-11-23 |y BK |z Catalogado en:20131025 |k LIT | ||